Science Quiz

Random Science Quiz

PC Basic Hardware Quiz Stats

Quiz not verified by Sporcle

Also try: Find the Mammals
Challenge
Share
Tweet
Embed
Score 0/29 Timer 03:00
0 Plays Today
Question Answer % Correct
Common Keys to click to get into BIOSDEL
67.9%
What are Power Supplies rated inWatts
67.9%
Stores Date and Time for a PCCMOS
62.5%
Name one of the voltages a Power Supply proives to a PC3.3
57.1%
When your CPU is pushed past its factory limit this is known asoverclocking
55.4%
The power supply converts ____ to ____AC to DC
51.8%
One of these two types of ports are used mainly for plug-and-play devicesUSB
51.8%
What is it called when you update the BIOSflashing
50%
This type of expansion bus is used for video cardsAGP
50%
In order to use 8GB of memory you would need this type of processor 64-bit
42.9%
What type of power connector proivdes power to IDE devicesmolex
41.1%
Your CPU must match the motherboard ____ type inorder to fitsocket
41.1%
The number of pixels available on a display screenResolution
41.1%
This finned device is used to help move heat away from the CPUheatsink
41.1%
This power in volts is used in the US110
37.5%
Question Answer % Correct
Screws used to lift the motherboard off the case are calledriser
37.5%
The number of times the entire screen repaints per second.refresh rate
37.5%
This type of connector is used for mice and keyboardsps2
35.7%
The motherboard, case and Power supply must all have the same what inroder to fit together?form factor
33.9%
One of these two methods may be used to link video cards togetherSLI
33.9%
Diagnostic beeps at startup are called ____ beepsPOST
30.4%
This type of DVI connector for video is used for digital video output onlyDVI-D
28.6%
What type of power connector proveds power to a floppy dirvemini-molex
26.8%
This type of DVI connector for video is used to provide both analog and digital outputDVI-I
26.8%
This substance is used to help move heat away from the CPUthermal grease
21.4%
A DB-15 two row is this type of deviceserial
19.6%
A DB-25 two row is this type of deviceparallel
19.6%
The number of different colors that can be displayed on the screen at a timecolor depth
14.3%
Typically this port is used for speakers and other audio devicesTRS
12.5%

You're not logged in!

Compare scores with friends on all Sporcle quizzes.
Sign Up with Email
OR
Log In

You Might Also Like...

Show Comments

Extras

Top Quizzes Today


Score Distribution

Your Account Isn't Verified!

In order to create a playlist on Sporcle, you need to verify the email address you used during registration. Go to your Sporcle Settings to finish the process.